Rosso Relativo - Tiziano Ferro - Testo Completo - Statistics

Statistiche generali
  • Questo quiz è stato fatto 133 volte
  • Il punteggio medio è 211 su 292
Statistiche sulle risposte
Risposta % Corretto
La
96%
la
96%
relativo
95%
rosso
95%
ma
94%
Ma
94%
Il
93%
il
93%
a
92%
e
90%
è
90%
E
90%
(E
90%
tu
90%
oh,
88%
senza
88%
(Uh,
88%
(Uh)
88%
un
88%
yeah)
88%
da
87%
che
86%
di
86%
Di
86%
macchia
84%
te
84%
tuo
84%
per
83%
in
82%
sera
82%
sera,
82%
Paola,
80%
Paola
80%
questa
80%
d'amore,
78%
domani
78%
solitudine
78%
non
77%
gran
75%
più
75%
torni
75%
notte
73%
perché
73%
ti
73%
dentro
72%
nel
71%
petto
71%
amati
70%
adesso
69%
facile
69%
Forza,
69%
del
67%
scalpitava,
67%
qualcosa
66%
era
64%
castello
63%
lei
61%
vuoi
61%
Vuoi
61%
dama
60%
quella
60%
fonda
59%
canterà
58%
tuonava
57%
si
55%
voglia
54%
Cantava
53%
lo
53%
ha
51%
noia
51%
troppa
51%
diverte
49%
invece
49%
principi
47%
duecento
46%
strillava,
40%
altre
39%
cercava
37%
Cercava
37%
Chiamava
37%
occhi
37%
sesso
36%
Solo
36%
ben
35%
bosco
35%
forme
35%
Posso
35%
dagli
34%
dileguava
34%
timidezza
34%
pena)
33%
provo
33%
anima
30%
c'era
30%
dimostrarti
30%
preda
25%
Tastiera
25%
cacciatore
24%
Giocava
24%
rimpiattino,
23%
schermo
23%
riposi
22%
spariva,
22%
scappava
19%
nascondeva
17%
mostrava
11%
Nessun quiz corrispondente trovato
Distribuzione punteggi
Percentuale di utenti per punteggio
Percentile per numero di risposta
I tuoi punteggi nel tempo
Non hai fatto questo quiz